|
|
|
|
| LEADER |
00000cam a2200000 a 4500 |
| 001 |
vtls008385928 |
| 003 |
SK-MaSNL |
| 005 |
20260425231037.0 |
| 008 |
250313s1941 xo 000 0 slo |
| 015 |
|
|
|a SNBA19391941-000992
|
| 035 |
|
|
|a SK01SNKBKSD120010078145
|
| 035 |
|
|
|a urn:nbn:sk:snk-am3hzj1
|
| 035 |
|
|
|a AA0CF813-1E8B-4145-8F79-4ECB1C014838
|
| 035 |
|
|
|a urn:nbn:sk:snk-am00dejh
|
| 035 |
|
|
|a SKM000080608
|
| 040 |
|
|
|a SNK
|b slo
|c SNK
|e AACR2
|
| 041 |
0 |
|
|a slo
|
| 044 |
|
|
|a xo
|c SK
|
| 080 |
|
|
|a 32(437.6)
|2 1981
|
| 100 |
1 |
|
|a Miškovič, Alojz,
|d 1902-1967
|4 aut
|9 107374
|
| 245 |
1 |
0 |
|a Naša pravda zvíťazila
|b niekoľko úprimných slov oslobodeným krajanom vo Spiši a Orave
|c napísal Alojz Miškovič
|
| 250 |
|
|
|a 2. dopl. vyd.
|
| 260 |
|
|
|a Bratislava
|b Hlavné veliteľstvo Hlinkovej gardy
|c 1941
|e Trnava
|f Spolok Sv. Vojtecha
|
| 300 |
|
|
|a 45 s.
|c 8°
|
| 650 |
0 |
7 |
|a vnútorná politika
|2 SNKPH
|9 970
|
| 651 |
|
7 |
|a Slovensko
|2 SNKPHgeo
|9 14231
|
| 655 |
|
7 |
|a úvahy
|2 SNKPH
|9 29403
|
| 852 |
|
|
|a Slovenská národná knižnica
|
| 958 |
|
|
|a OND
|
| 958 |
|
|
|a RK
|
| 958 |
|
|
|a TL
|
| 999 |
|
|
|c 692964
|d 694894
|
| 952 |
|
|
|a SNK
|b SNK
|y VYP
|7 0
|p 17A0136356
|o snkSD 6913 D1
|i snkI. 2273/50
|0 0
|1 0
|4 0
|d 2010-06-01
|l 0
|r 2026-02-23 20:32:47
|w 2026-02-23
|
| 952 |
|
|
|a SNK
|b SNK
|y PREZ
|7 0
|p 17A0912610
|o snkSD 6913
|i snk4959/50
|0 0
|1 0
|4 0
|d 2019-08-06
|f 1
|l 0
|r 2025-11-14 00:00:00
|w 2026-02-23
|